书目信息 |
| 题名: |
秦岭的后裔
|
|
| 作者: | ;章回小说编辑部 编 | |
| 分册: | ||
| 出版信息: | 长春 时代文艺出版社 1988.7 |
|
| 页数: | 292页 | |
| 开本: | 20cm | |
| 丛书名: | ||
| 单 册: | ||
| 中图分类: | J247.4 , I242.4 | |
| 科图分类: | ||
| 主题词: | 小说--中国 | |
| 电子资源: | ||
| ISBN: | 7-5387-0103-6 | |
| 000 | 00634nam0 2200229 450 | |
| 001 | 1569168776 | |
| 005 | 20170928093311.29 | |
| 010 | @a7-5387-0103-6@dCNY2.75 | |
| 020 | @aCN@b89023622 | |
| 100 | @a19910905d1988 m y0chiy0110 ea | |
| 101 | 0 | @achi |
| 102 | @aCN@b220000 | |
| 105 | @ay z 000ay | |
| 200 | 1 | @a秦岭的后裔@9qin ling de hou yi@f《章回小说》编辑部编 |
| 210 | @a长春@c时代文艺出版社@d1988.7 | |
| 215 | @a292页@d20cm | |
| 606 | 0 | @a小说@x中国 |
| 690 | @aJ247.4@v5 | |
| 690 | @aI242.4@v4 | |
| 711 | 02 | @a章回小说编辑部@9zhang hui xiao shuo bian ji bu@4编 |
| 801 | 0 | @aCN@bTSSF@c20150120 |
| 905 | @aZUCC@dI242.4@eJY5 | |
| 秦岭的后裔/《章回小说》编辑部编.-长春:时代文艺出版社,1988.7 |
| 292页;20cm |
| ISBN 7-5387-0103-6:CNY2.75 |
| ● |
| 相关链接 |
|
|
|
|
正题名:秦岭的后裔
索取号:I242.4/JY5
 
预约/预借
| 序号 | 登录号 | 条形码 | 馆藏地/架位号 | 状态 | 备注 |
| 1 | 7836063 | 278360630 | 学院路分馆/ [索取号:I242.4/JY5] | 在馆 |